Normal view
MARC view
- Dharap, P.W
Entry Personal Name
001 - CONTROL NUMBER
- control field: 41133
003 - CONTROL NUMBER IDENTIFIER
- control field: NUST
005 - DATE AND TIME OF LATEST TRANSACTION
- control field: 20210314131958.0
008 - FIXED-LENGTH DATA ELEMENTS
- fixed length control field: 210314|| aca||aabn | a|a d
040 ## - CATALOGING SOURCE
- Original cataloging agency: NUST
- Transcribing agency: NUST
100 ## - HEADING--PERSONAL NAME
- Personal name: Dharap, P.W
670 ## - SOURCE DATA FOUND
- Source citation: Work cat.: (NUST): Dharap, P.W, Question and answers in electrical engineering practice, 1950
